Sports Quiz

Random Sports or World Quiz

Summer Olympics Host Countries Quiz Stats

 Plays Quiz Updated Feb 13, 2019

     
Support Sporcle.
Go Orange.
Score 0/19 Timer 04:00
3 Plays Today
% Correct
United States
(1904, 1932, 1984, 1996)
98.7%
Brazil
(2016)
96%
China
(2008)
94.7%
France
(1900, 1924)
94.3%
United Kingdom
(1908, 1948, 2012)
93.6%
Australia
(1956, 2000)
93.4%
Spain
(1992)
91.8%
Germany
(1936, 1972)
91.3%
Russia
(1980*)
91.3%
Mexico
(1968)
89.8%
% Correct
Italy
(1960)
88.7%
Canada
(1976)
83.4%
Japan
(1964)
81.1%
Greece
(1896, 2004)
73%
Sweden
(1912)
65.9%
South Korea
(1988)
61.4%
Finland
(1952)
43.8%
Netherlands
(1928)
42.5%
Belgium
(1920)
40%

From the Vault

TV Show Commonalities

by Ben

A doctor, or just pretending to be?!?
Remove Ads.
Support Sporcle.
Get the best of Sporcle when you Go Orange. This ad-free experience offers more features, more stats, and more fun while also helping to support Sporcle. Thank you for becoming a member.

Show Comments

Extras

Top Quizzes Today


Score Distribution

Your Account Isn't Verified!

In order to create a playlist on Sporcle, you need to verify the email address you used during registration. Go to your Sporcle Settings to finish the process.

Report this User

Report this user for behavior that violates our Community Guidelines.

Details: